Gaming Quiz

Random Gaming or Pokémon Quiz

The 15 Pokemon Types in Generation 1 Quiz Stats

 Plays Quiz not verified by Sporcle

Also try: NBA Jam TE Players
Challenge
Share
Tweet
Embed
Score 0/15 Timer 01:00
0 Plays Today
% Correct
Water
98.1%
Fire
98.1%
Grass
95.1%
Rock
89.5%
Normal
87.6%
Flying
86.8%
Psychic
85.7%
Ground
85.7%
% Correct
Electric
84.3%
Ice
80.8%
Poison
80.3%
Ghost
77.8%
Bug
77.3%
Dragon
74.9%
Fighting
74.6%

You're not logged in!

Compare scores with friends on all Sporcle quizzes.
Join for Free
OR
Log In

You Might Also Like...

Show Comments

Extras

Top Quizzes Today


Score Distribution

Your Account Isn't Verified!

In order to create a playlist on Sporcle, you need to verify the email address you used during registration. Go to your Sporcle Settings to finish the process.

Report this User

Report this user for behavior that violates our Community Guidelines.

Details: